中国机场代码 China’s Airport Codes #3 - Statistics

General Stats
  • This quiz has been taken 58 times
  • The average score is 7 of 15
Answer Stats
三字码 机场 % Correct
CAN 广州/白云
90%
XIY 西安/咸阳
85%
NKG 南京/禄口
83%
CSX 长沙/黄花
73%
HGH 杭州/萧山
71%
FOC 福州/长乐
69%
SWA 揭阳/潮汕
37%
KWL 桂林/两江
33%
SJW 石家庄/正定
33%
TNA 济南/遥墙
31%
LYI 临沂/启阳
27%
HYN 台州/路桥
21%
DYG 张家界/荷花
19%
DSN 鄂尔多斯/伊金霍洛
15%
BAR 琼海/博鳌
10%
No matching quizzes found
Score Distribution
Percent of People with Each Score
Percentile by Number Answered
Your Score History
You have not taken this quiz